000 00831nam a22001815i 4500
001 161208
003 ES-MaACL
005 20230906212221.0
008 041020s1887 sp |||| | spa d
040 _aCAM
_bspa
_cCAM
100 0 _aOzcariz y Lasaga, Víctor.
_988071
245 1 0 _aInformacion presentada por su autor Victor Ozcariz
_b: en respuesta á los interrogatorios formados por la Comision creada en virtud del Real Decreto de 7 de Julio del corriente año, para estudiar la crisis actual de la Agricultura y Ganadería.
260 _aZamora :
_b[s.n.],
_c1887 (
_fImp. de La Seña Berjema)
300 _a32 p. ;
_c15 cm.
650 4 _aAgricultura-
_zEspaña.
_99680
650 4 _aGanadería-
_zEspaña.
_9136165
852 _aES-MaACL
_jT-478-F-4
_z-- Enc. hol.
_q-- Falto de la cub. original
_z-- Enc. en un vol. facticio
999 _c161208
_d161208